| 000 | 00908nam a2200277 i 4500 | ||
|---|---|---|---|
| 001 | bg | ||
| 100 | 1 | _aKREBS, Charles J. | |
| 245 | 1 | 0 |
_aEkologia : _beksperymentalna analiza rozmieszczenia i liczebności / _cCharles J. Krebs ; przekł. z ang. Anna Kozakiewicz, Michał Kozakiewicz, Jakub Szacki. |
| 246 |
_iTyt. oryg.: _aEcology |
||
| 260 |
_aWarszawa : _bWydaw. Naukowe PWN, _c1997. |
||
| 300 |
_aXVI, 734, [2] s., [8] s. fot. kolor. : _brys., wykr. ; _c25 cm. |
||
| 500 | _aOryg. : "Ecology" 1994. | ||
| 504 | _aBibliogr. s. 650-711. - Indeksy. | ||
| 650 | 9 | _aEkologia | |
| 655 | _aPodręczniki | ||
| 700 | 1 |
_aKOZAKIEWICZ, Anna. _eTł. |
|
| 700 | 1 |
_aKOZAKIEWICZ, Michał. _eTł. |
|
| 700 | 1 |
_aSZACKI, Jakub. _eTł. |
|
| 020 | _a830112041X | ||
| 040 | _cBPK | ||
| 041 | 1 |
_apl _hen |
|
| 080 | _a574(07) | ||
| 920 | _a83-01-12041-X | ||
| 942 | _cKS | ||
| 008 | s pl f |000 0 pol | ||
| 999 |
_c31829 _d31829 |
||
| 856 |
_uhttp://koha.tu.koszalin.pl/cgi-bin/koha/opac-detail.pl?biblionumber=31829 _yKatalog online BPK |
||